000 00645nam a2200217 4500
003 OSt
005 20240729063003.0
006 a
008 240729b |||||||| |||| 00| 0 eng d
020 _a978007108794x
040 _aDWCL-Main lib.
_cOC
082 _aCirc. 658.5 S848o 2010
100 _aStevenson, William J.
245 _aOperations management : an asian perspective /
260 _aSingapore :
_bMcGraw-Hill,
_cc2010.
300 _axxvii,
_b859 p. : ill. ;
_c26 cm.
504 _aIncludes bibliographical references & index.
650 _a1. Production Management.
650 _a2. Management.
942 _2ddc
_n0
_cBK-CIRC
_kCirc.
999 _c2913
_d2913